000 00479nam a2200193Ia 4500
005 20260624114257.0
008 131103s9999 xx 000 0 und d
040 _aLoreto College
041 _aEnglish
082 _a269.6
_bSTE
100 _aSteuart, Father
245 _aSpiritual teaching of father Steuart
_cSteauart
260 _aLondon
_bBurns Oates
_c1952
300 _axiv,148p.
650 _aChristianity
651 _aSpiritual
850 _aLCLIB
942 _cBK
999 _c25532
_d76011